| 000 | 00426nam a2200133Ia 4500 | ||
|---|---|---|---|
| 008 | 220217s9999 xx 000 0 und d | ||
| 100 | _aJossy Abraham | ||
| 245 | 0 | _aEcology of vesicular arbuscular mycorrhizal fungi in rubber growing soils of Kerala | |
| 260 |
_bMahatma Gandhi University _a Kottayam _c2003 |
||
| 300 | _a175 | ||
| 500 | _aCourse: Ph. D | ||
| 700 | _aDr R Kothandaraman and Dr C Kuruvilla Jacob | ||
| 942 | _cTS | ||
| 999 |
_c74618 _d74618 |
||